| 000 -ლიდერი |
| ფიქსირებული სიგრძის საკონტროლო ველი |
00991nam a2200193Ia 4500 |
| 001 - საკონტროლო ნომერი |
| საკონტროლო ველი |
6008 |
| 003 - საკონტროლო ნომრის იდენტიფიკატორი |
| საკონტროლო ველი |
GE_BSU |
| 005 - ბოლო ოპერაციის თარიღი და დრო |
| საკონტროლო ველი |
20190628144350.0 |
| 008 - ფიქსირებული სიგრძის მონაცემთა ელემენტები - ზოგადი ინფორმაცია |
| ფიქსირებული სიგრძის საკონტროლო ველი |
181216s1961|||| |||||||||||||| ||geo|| |
| 080 ## - უნივერსალური ათობითი კლასიფიკაციის ინდექსი |
| Universal Decimal Classification number |
621.719(075.8)+669 გ-48 |
| 100 ## - მთავარი ჩანაწერი - პიროვნების სახელი |
| Personal name |
გიორგიძე, ვ. |
| 9 (RLIN) |
3048 |
| 245 ## - ცნობა სათაურის შესახებ |
| Title |
ლითონთა ტექნოლოგია:მეტალურგია და სამსხმელო წარმოება : სახელმძღვ. / |
| Statement of responsibility, etc |
ვ. გიორგიძე ; რედ : ი.გოგუაძე. |
| 264 ## - წარმოების, გამოცემის, დისტრიბუციის და სხვა ცნობები |
| გამოცემის, წარმოების, დისტრიბუციის... ადგილი |
თბილისი : |
| გამოცემის, წარმოების, დისტრიბუციის... სახელწოდება |
განათლება, |
| გამოცემის, წარმოების, დისტრიბუციის... თარიღი |
1988. |
| 300 ## - ფიზიკური აღწერა |
| Extent |
433 გვ .: |
| Other physical details |
ილ ; |
| Dimensions |
22 სმ . |
| 504 ## - BIBLIOGRAPHY, ETC. NOTE |
| Bibliography, etc |
ბიბლიოგრ : გვ.418. |
| 653 ## - INDEX TERM--UNCONTROLLED |
| Uncontrolled term |
ლითონთა ტექნოლოგია:მეტალურგია და სამსხმელო წარმოება |
| 700 ## - ADDED ENTRY--PERSONAL NAME |
| Personal name |
გოგუაძე, ი |
| Relator term |
რედაქტრი |
| 9 (RLIN) |
3049 |
| 942 ## - ADDED ENTRY ELEMENTS (KOHA) |
| Koha item type |
წიგნი |
| Source of classification or shelving scheme |
|